000 00525nam a22001697a 4500
005 20250222140316.0
008 250222b |||||||| |||| 00| 0 eng d
020 _a8188867764
050 _aRG571 MIT
100 _aMittal, Charu
245 _aEmergencies in Obstetrics and Gynecology/
_cCharu Mittal & Prabuddh Sheel Mittal
250 _a1st ed.
260 _aDelhi
_bPeepee Publishers & Distributors
_c2006
300 _axiv. 365p.
_bill. some color
_c24cm
700 _aMittal, Prabuddh Sheel
942 _2lcc
_cBK
_e1st ed.
_n0
999 _c4132
_d4132